Porovnanie úrovne vybraných výrobkov s domácou a zahraničnou konkurenciou metódami hodnotového inžinierstva : Diplomová práca

Na minha lista:
Detalhes bibliográficos
Autor principal: Kostelný, Ivan (Author)
Outros Autores: Horňák, František, 1969- (xxx)
Formato: Manuscrito Livro
Idioma:eslovaco
Publicado em: Trnava : STU v Bratislave MtF KMK, 1995
Assuntos:
Tags: Adicionar Tag
Sem tags, seja o primeiro a adicionar uma tag!

MARC

LEADER 00000ntm a22000003a 4500
001 stu56553
005 20160719155201.9
008 010205s1995----xo------------------slo-d
040 |a STU  |b slo 
041 0 |a slo 
044 |a xo 
100 1 |a Kostelný, Ivan  |4 aut 
245 1 |a Porovnanie úrovne vybraných výrobkov s domácou a zahraničnou konkurenciou metódami hodnotového inžinierstva :  |b Diplomová práca 
260 |a Trnava :  |b STU v Bratislave MtF KMK,  |c 1995 
300 |a 41 s  |c výťah 
650 7 |a Konkurencieschopnosť výrobku  |2 stusub 
650 7 |a Inžinierstvo hodnotové  |2 stusub 
650 7 |a manažment priemyselných podnikov  |2 stusub 
700 1 |a Horňák, František,  |d 1969-  |4 xxx  |u M4000  |U MTF Materiálovotechnologická fakulta  |T MTF Ústav priemyselného inžinierstva a manažmentu  |X 1533  |U M4000  |Y 84  |7 1533 
996 |b 284M023784  |c M*DP-859  |l MMSKP  |s P  |a 0  |w stu56553_0001